Seis contos de Eça de Queirós (Registo nº 28600)

Detalhes MARC
000 -Etiqueta do registo
Valores 00732cam a2200277 4500
010 ## - Número ISBN
ISBN 9727102557
021 ## - Número do Depósito Legal
-- PT
Número 146507/00
090 ## -
-- 28600
100 ## - Dados gerais de processamento
Dados gerais 20071015d2000 d y0pory5003 ba
101 0# - Língua de publicação
-- por
102 ## - País de publicação
-- PT
105 ## -
-- a f 001yy
106 ## -
-- r
200 1# - Titulo e menção de responsabilidade
Título próprio Seis contos de Eça de Queirós
Primeira menção de responsabilidade recontados Luísa Ducla Soares
Outras menções de responsabilidade il. Nuno Fonseca
205 ## - Menção da edição
Edição 1a ed
210 ## - Publicação
Local de publicação Lisboa
Nome do editor Terramar,
Data de publicação 2000
215 ## - Descrição física 
Paginação / Volumes 79, [3] p.
Outras indicações físicas il.
Dimensões 19 cm
225 2# - Colecção 
Título próprio da colecção Contar-recontar
Indicação de volume 6
675 ## - CDU
Notação 821.134.3-91"19"
Edição BN
Língua por
675 ## - CDU
Notação 087.5
Edição BN
Língua por
700 #1 - Autor principal (pessoa individual)
Apelido Soares,
Nome Luísa Ducla,
Datas 1939-
ID Autoridade 2431
702 #1 - Autor secundário (pessoa individual)
Apelido Fonseca,
Nome Nuno
-- 440
930 ## -
-- BECRE
990 ## - Elementos KOHA
Tipo de documento Livro
995 ## - Localização e informação dos exemplares
-- 18
Exemplares
Situação do levantamento Estado Biblioteca de origem Biblioteca de empréstimo Código de barras Cota Permissão de empréstimo Tipo de documento
  Completo Biblioteca do Centro Escolar de Viana do Alentejo Biblioteca do Centro Escolar de Viana do Alentejo 1012BV 087.5 SOA Disponível Livro




Powered by Koha